Emerging financial markets / (Record no. 346354)

000 -LEADER
fixed length control field 01493 a2200217 4500
020 ## - INTERNATIONAL STANDARD BOOK NUMBER
International Standard Book Number 0072425148
020 ## - INTERNATIONAL STANDARD BOOK NUMBER
International Standard Book Number 9780072425147
082 04 - DEWEY DECIMAL CLASSIFICATION NUMBER
Classification number 332.091724
090 ## - LOCALLY ASSIGNED LC-TYPE CALL NUMBER (OCLC); LOCAL CALL NUMBER (RLIN)
-- 3893
-- 3893
100 1# - MAIN ENTRY--PERSONAL NAME
Personal name Beim, David.
245 10 - TITLE STATEMENT
Title Emerging financial markets /
Statement of responsibility, etc. David Beim.
250 ## - EDITION STATEMENT
Edition statement 1st ed.
260 ## - PUBLICATION, DISTRIBUTION, ETC.
Place of publication, distribution, etc. [S.l.] :
Name of publisher, distributor, etc. McGraw-Hill/Irwin,
Date of publication, distribution, etc. 2000.
300 ## - PHYSICAL DESCRIPTION
Extent 384 p. ;
Dimensions 26 cm.
500 ## - GENERAL NOTE
General note Hardcover.
520 ## - SUMMARY, ETC.
Summary, etc. This is the first text to be written on Emerging Financial Markets. The book is partially the result of a grant given by Citibank to Columbia Business School for the purpose of designing a new course in emerging financial markets for their MBA program. The text reflects the tremendous research in recent years seeking to explain the financial crises in Latin America and Asia during the mid to late 1990's and related issues such as capital flows, currency regimes, legal and regulatory matters, corporate governance, and the functions and structure of financial systems. Emerging Financial Markets suggests and explores three key foundations that explain why emerging markets behave differently than developed markets: (1) law, (2) institutions of information and control, and (3) inflation and currency stability.
700 1# - ADDED ENTRY--PERSONAL NAME
Personal name Calomiris, Charles.
856 40 - ELECTRONIC LOCATION AND ACCESS
Materials specified Amazon.com
Uniform Resource Identifier <a href="http://www.amazon.com/exec/obidos/ASIN/0072425148/chopaconline-20">http://www.amazon.com/exec/obidos/ASIN/0072425148/chopaconline-20</a>
856 40 - ELECTRONIC LOCATION AND ACCESS
Materials specified Amazon customer reviews
Uniform Resource Identifier <a href="http://www.chopac.org/cgi-bin/tools/azrev.pl?q=0072425148">http://www.chopac.org/cgi-bin/tools/azrev.pl?q=0072425148</a>
942 ## - ADDED ENTRY ELEMENTS (KOHA)
Institution code [OBSOLETE] NBS
Koha item type Book
Call number prefix 332.091724 BEI
Holdings
Withdrawn status Lost status Damaged status Not for loan Permanent Location Current Location Date acquired Total Checkouts Full call number Barcode Date last seen Date last checked out Price effective from Koha item type
        Central Library (CL) Central Library (CL) 08/28/2013 1 332.091724 BEI NBS5128 11/22/2017 07/25/2017 08/28/2013 Book
© 2023 Central Library, National University of Sciences and Technology. All Rights Reserved.